Top 100 Boys' Names in Scotland 2019 - Statistics

General Stats
  • This quiz has been taken 331 times
  • The average score is 56 of 100
Answer Stats
# First Letter Answer % Correct
449 J Jack
96%
359 O Oliver
95%
345 J James
94%
227 H Harry
93%
66 H Henry
88%
79 J John
84%
218 T Thomas
83%
306 C Charlie
82%
122 M Matthew
82%
63 A Alex
80%
87 M Michael
80%
110 A Andrew
79%
93 R Robert
79%
147 W William
79%
139 L Liam
78%
66 B Ben
77%
102 J Joseph
76%
101 D David
75%
278 L Leo
75%
110 L Luke
75%
272 N Noah
74%
175 O Oscar
74%
240 A Alexander
73%
186 D Daniel
73%
103 L Luca
73%
280 L Lewis
71%
114 N Nathan
71%
131 G George
70%
203 J Jacob
69%
85 L Leon
69%
180 J Joshua
68%
229 L Lucas
67%
88 B Benjamin
66%
304 H Harris
66%
143 A Aaron
63%
151 A Adam
63%
261 A Alfie
63%
168 E Ethan
63%
82 L Louis
63%
98 R Ryan
63%
64 S Sam
63%
218 T Theo
63%
204 A Archie
62%
157 F Freddie
62%
91 L Louie
62%
80 O Owen
62%
89 C Connor
61%
201 F Finlay
60%
85 J Jackson
60%
146 J Jaxon
60%
100 I Isaac
59%
170 A Arthur
57%
124 C Callum
57%
162 H Harrison
57%
129 J Jamie
57%
235 L Logan
57%
168 M Mason
56%
103 S Samuel
56%
201 F Finn
55%
258 R Rory
54%
59 R Ruairidh
54%
90 R Ruaridh
54%
113 T Tommy
54%
237 M Max
53%
69 A Aiden
52%
140 C Cameron
51%
115 C Caleb
49%
153 O Ollie
49%
74 E Elijah
48%
121 M Muhammad
48%
91 D Dylan
46%
81 T Theodore
46%
88 K Kai
44%
112 C Carter
41%
169 H Hunter
41%
104 A Angus
38%
205 B Brodie
38%
108 J Jude
38%
104 R Riley
37%
61 G Gabriel
35%
97 H Hamish
35%
94 C Cole
34%
94 A Arlo
33%
67 E Elliot
32%
80 R Reuben
32%
68 A Aidan
31%
111 B Blake
30%
67 C Cody
26%
84 C Cooper
26%
94 A Arran
24%
80 F Fraser
24%
77 C Carson
23%
63 E Ellis
23%
73 G Grayson
23%
61 J Jax
23%
91 B Blair
21%
60 C Callan
21%
96 S Sonny
20%
77 I Innes
18%
74 M Murray
15%
No matching quizzes found
Score Distribution
Percent of People with Each Score
Percentile by Number Answered
Your Score History
You have not taken this quiz